| 000 | 00580nam a22002057a 4500 | ||
|---|---|---|---|
| 003 | OSt | ||
| 005 | 20140310182829.0 | ||
| 008 | 130601t xxu||||| |||| 00| 0 eng d | ||
| 020 | _a9780199591640 | ||
| 050 |
_aHB 103 _b.Sk628 2010 |
||
| 082 |
_aM 330.156092 _bS628 2010 |
||
| 245 |
_aKeynes : _ba very short introduction / _cSkidelsky, Robert Jacob Alexander |
||
| 260 |
_aOxford, UK : _bOxford University Press, _c2010. |
||
| 300 |
_a194 p. : _c17 cm. |
||
| 521 | _acollege students | ||
| 526 | _c1210L-1700L | ||
| 541 | _j1 | ||
| 562 | _e1 | ||
| 942 |
_2lcc _cBK _kM |
||
| 999 |
_c16590 _d16590 |
||